005580000a22001690004500001001000000003001000010005001700020008004100037022001400078040004100092041000800133100003300141245004400174300005600218546002300274773009100297768714001CO-MdFUSB20170608110144.0170608s2003 cr ||||| |||| 00| 0 spa d a1659-0074 aCO-MdFUSBbspacCO-MdFUSBdCO-MdFUSB aspa1 aSalas Peraza, Danieleautor 10aLas pruebas que toda mujer debe hacerse aVolumen 1. Número 3 (2003), Página 11c 27 cm. aTexto en español0 tApuntes Mujer Líder 049442gVolumen 1. Número 3 (2003), Página 11qPágina 11